Экономика региона в условиях интенсификации

গ্রন্থ-পঞ্জীর বিবরন
প্রধান লেখক: Колесников А. М. Александр Михайлович
অন্যান্য লেখক: Коломийченко О. В. Олег Васильевич, Рохчин В. Е. Владимир Ефимович
সংক্ষিপ্ত:Исключено из фонда НТБ ТПУ
ভাষা:রুশ
প্রকাশিত: Ленинград, Изд-во Ленинградского ун-та, 1988
বিন্যাস: গ্রন্থ
KOHA link:https://koha.lib.tpu.ru/cgi-bin/koha/opac-detail.pl?biblionumber=264728

MARC

LEADER 00000nam0a2200000 4500
001 264728
005 20231031222858.0
010 |a 5288002940 
035 |a (RuTPU)RU\TPU\book\287725 
090 |a 264728 
100 |a 20140621d1988 k y0rusy50 ca 
101 0 |a rus 
102 |a RU 
105 |a y z 001zy 
200 1 |a Экономика региона в условиях интенсификации  |f А. М. Колесников, О. В. Коломийченко, В. Е. Рохчин 
210 |a Ленинград  |c Изд-во Ленинградского ун-та  |d 1988 
215 |a 192 с. 
333 |a Исключено из фонда НТБ ТПУ 
700 1 |a Колесников  |b А. М.  |g Александр Михайлович 
701 1 |a Коломийченко  |b О. В.  |g Олег Васильевич 
701 1 |a Рохчин  |b В. Е.  |g Владимир Ефимович 
801 1 |a RU  |b 63413507  |c 20140621 
801 2 |a RU  |b 63413507  |c 20220413  |g RCR 
942 |c BK